000 01023nam a22002897a 4500
001 6254
003 FISKH
005 20250407094513.0
008 250407b cb ||||| |||| 00| 0 eng d
020 _a9780439498418
040 _aFISKH
_beng
_cFISKH
_dFISKH
050 _aPZ7.B466 B
082 _a439
100 _aBetancourt, Jeanne
_d(1941-)
245 _aThree girls in the city :
_bBlack and white /
_cBy Jeanne Betancourt
250 _aThis edition first published in 2004
260 _aNew York :
_bScholastic,
_c2003
300 _a155 pages :
_c20 cm
505 _aP
520 _aNew York City teenagers Joy, Maya, and Carolyn struggle with inevitable change when Carolyn, still coping with her mother's death, learns that her father has a girlfriend, and Joy finds out that her wealthy father has lost his high-paying job.
521 8 _a610
_bLexile
521 8 _aP
_bRaz-Plus
650 _2Friendship
_aNew York City
650 _2Differences
_aEnglish
942 _2ddc
_cBK
_n0
999 _c6254
_d6254